| 000 | 01128nam a2200313 i 4500 | ||
|---|---|---|---|
| 003 | EG-GICUC | ||
| 005 | 20260421212035.0 | ||
| 008 | 260421s1939 fr ||||f |||| 00| 0 fre d | ||
| 040 |
_aEG-GiCUC _bfre _cEG-GiCUC _dEG-GiCUC _eRda |
||
| 041 | _afre | ||
| 082 | 0 | 4 |
_221 _a343.3311 |
| 092 | 0 | 4 | _221 |
| 099 | _aLaw1 10 343.3311 GO . M 1939 B1009138 C1 | ||
| 100 | 1 |
_aGoyet, Francisque _eAuteur |
|
| 245 |
_aLe ministère public en matière civile et en matière répressive et l'exercice de l'action publique / _cpar Francisque Goyet ; entièrement refondue et mise à jour par Marcel Rousselet et Maurice Patin. |
||
| 250 | _aDeuxième édition. | ||
| 264 |
_aParis : _bLibrairie du recueil sirey, _c1939. |
||
| 300 |
_a536 pages ; _c 24 cm |
||
| 336 |
_2rda contenu _a texte |
||
| 337 |
_2rda medias _aOrdinateur |
||
| 338 |
_2 transporteur rda _a Ressource en ligne |
||
| 650 | 1 |
_aCriminal Law _2qrmak |
|
| 651 | 1 | _2qrmak | |
| 700 | 1 |
_aRousselet, Marcel _eÉditeur |
|
| 700 | 1 |
_aPatin, Maurice _eÉditeur |
|
| 856 | 4 | 0 | _uhttps://fll.law.cu.edu.eg/fulltext/bks/B10-09138.pdf |
| 905 | _a162 | ||
| 942 |
_2ddc _cBK _e21 _n0 |
||
| 999 |
_c72736 _d72736 |
||